000
00188 a2200097 4500
001
5489
100
_a
Hold
245
_a
Nature of solids
260
_a
_b
columbia
_c
090
_c
4505
_d
4505
942
_a
NUST-CAE
_c
M
_c
30829
999
_c
240562
_d
240562